| 000 | 00875nma a22002297a 4500 | ||
|---|---|---|---|
| 005 | 20210325194620.0 | ||
| 006 | g q || | ||
| 008 | s2006 eng d | ||
| 041 | _aeng | ||
| 090 | _aCD636/1,CD636/2 | ||
| 110 | 0 | _aNational Assembly Library, Republic of Korea | |
| 245 | 1 | 0 | _aThe 22nd annual preconference of library and research services for parliaments : August 2001 Seoul, Korea [CD-ROM] |
| 260 | 3 |
_aSeoul : _bNational Assembly Library, Republic of Korea, _c2006 |
|
| 300 | _a1 แผ่นsd., col. | ||
| 610 | _aNational Assembly Library, Republic of Korea | ||
| 650 | 0 | 4 | _aNational Assembly Library -- Republic of Korea |
| 650 | 0 | 4 | _aNational Assembly Library -- Republic of Korea |
| 850 | _aNALT | ||
| 942 | _cCD | ||
| 997 |
_c000000000044697 _kVC |
||
| 998 | _aน.ส.อรอุษา โอภาสมงคลชัย | ||
| 999 |
_c44697 _d44697 |
||